000 00536nam a2200205Ia 4500
005 20250505145733.0
008 008 250505s9999 xx 000 0 eng d
037 _aTextbook
040 _aFML
_bhin
_cFML
041 _ahin
_2hin
084 _aNR44,16 R4
_qFML
100 _aPathak, Nidhi Joshi
_9754312
245 0 _aRagdari Sangeet Ki
260 _aDelhi
_bSanjay Prakashan
_c2024
300 _a190p
365 _aINR
_b800
650 _aMusic
942 _cTB
_hNR44,16 R4
999 _c1311691
_d1311691